| 000 | 00411 a2200157 4500 | ||
|---|---|---|---|
| 999 |
_c12713 _d12713 |
||
| 003 | OSt | ||
| 005 | 20240705154355.0 | ||
| 008 | 240620b ||||| |||| 00| 0 eng d | ||
| 020 | _a978849717932 | ||
| 082 | _a720.105045 | ||
| 100 | _aNorman Foster Foundation (Editor) | ||
| 245 | _aArchitecture and Technology: Future of Cities | ||
| 260 |
_bNorman Foster Foundation; _c2021 |
||
| 300 | _a576p; | ||
| 942 | _2ddc | ||